Para la pareja; Una relación estable para toda la vida
Zapisane w:
| 1. autor: | |
|---|---|
| Kolejni autorzy: | |
| Format: | Książka |
| Język: | hiszpański |
| Wydane: |
Madrid.
Safeliz
2004
|
| Hasła przedmiotowe: | |
| Etykiety: |
Dodaj etykietę
Nie ma etykietki, Dołącz pierwszą etykiete!
|
MARC
| LEADER | 00000nam a22000005a 4500 | ||
|---|---|---|---|
| 003 | CL-ChBUA | ||
| 005 | 20120815103816.0 | ||
| 008 | 070730s2004 es ||||| |||| 000 ||spa | ||
| 020 | |a 8472081443 | ||
| 040 | |a CL-ChBUA |c CL-ChBUA | ||
| 082 | 0 | 0 | |a 362.82 |
| 090 | |c 21589 |d 21589 | ||
| 100 | 1 | |a Melgosa, Julián | |
| 245 | 1 | 0 | |a Para la pareja; |b Una relación estable para toda la vida |
| 260 | |a Madrid. |b Safeliz |c 2004 | ||
| 300 | |a 191 p. |c 25 cm. | ||
| 504 | |a Bibl., índice. | ||
| 650 | 4 | |a CONFLICTOS CONYUGALES | |
| 650 | 4 | |a EDUCACION PARA LA VIDA FAMILIAR | |
| 650 | 4 | |a ORIENTACION PARA EL MATRIMONIO | |
| 700 | 1 | |a Melgosa, Annette. | |
| 942 | |c LIB | ||
| 952 | |0 0 |1 0 |2 ddc |4 0 |6 362_820000000000000_M_521 |7 0 |9 30671 |a UNACH |b UNACH |c 300 |d 2007-07-30 |i 40.328 |l 4 |m 2 |o 362.82 / M 521 |p 31724 |r 2018-08-07 00:00:00 |s 2016-09-01 |u 30671 |w 2012-08-08 |y LIB | ||
| 999 | |c 21589 |d 21589 | ||